| 000 | 00888nam a2200193 a 4500 | ||
|---|---|---|---|
| 001 | BRCA_501 | ||
| 005 | 20190320203033.0 | ||
| 008 | 110408s2007----mx-a---###---#000-0#spa-# | ||
| 050 | 4 |
_aNK4340.T3 _b.A43 2007 |
|
| 245 | 1 | 0 |
_aAlarca _btalavera contemporánea : cerámica esmalteada. |
| 260 |
_aMéxico _bMuseo Franz Mayer : Talavera de la Reina _c2007 |
||
| 300 |
_a37 p. _bil. a color, fotografías _c21 cm. |
||
| 500 | _aCatálogo de la exposición realizada en el Museo Franz Mayer (Ciudad de México), 19 julio-30 septiembre, 2007 | ||
| 520 | 3 | _aReúne piezas de artistas como Juan Soriano, Francisco Toledo, Vicente Rojo, Javier Marín y Gustavo Pérez | |
| 610 | 2 | 4 |
_aTalavera de la Reina _xTalleres de alfarería _ySiglo XX _zPuebla (México) _91724 |
| 650 | 1 | 4 |
_aAlarca _vExposiciones colectivas _xTalavera _91725 |
| 650 | 1 | 4 |
_aCerámica esmaltada _xArtistas _ySiglo XX _91726 |
| 942 |
_2lcc _cB |
||
| 999 |
_c434 _d434 |
||